<?xml version="1.0" encoding="UTF-8"?>
<record
    xmlns:xsi="http://www.w3.org/2001/XMLSchema-instance"
    xsi:schemaLocation="http://www.loc.gov/MARC21/slim http://www.loc.gov/standards/marcxml/schema/MARC21slim.xsd"
    xmlns="http://www.loc.gov/MARC21/slim">

  <leader>00793cam a22002291  4500</leader>
  <controlfield tag="001">af 47004861 </controlfield>
  <controlfield tag="003">DLC</controlfield>
  <controlfield tag="005">20260227110828.0</controlfield>
  <controlfield tag="008">940620s1942    be c     b    000 0 dut c</controlfield>
  <datafield tag="010" ind1=" " ind2=" ">
    <subfield code="a">af 47004861 </subfield>
  </datafield>
  <datafield tag="035" ind1=" " ind2=" ">
    <subfield code="a">(OCoLC)30633342</subfield>
  </datafield>
  <datafield tag="040" ind1=" " ind2=" ">
    <subfield code="a">New York. Public library</subfield>
    <subfield code="c">CU</subfield>
    <subfield code="d">DLC</subfield>
  </datafield>
  <datafield tag="042" ind1=" " ind2=" ">
    <subfield code="a">premarc</subfield>
  </datafield>
  <datafield tag="050" ind1="0" ind2="0">
    <subfield code="a">PT6430.H48</subfield>
    <subfield code="b">Z7</subfield>
  </datafield>
  <datafield tag="100" ind1="1" ind2=" ">
    <subfield code="a">Closset, Fran&#xE7;ois.</subfield>
  </datafield>
  <datafield tag="245" ind1="0" ind2="0">
    <subfield code="a">Over den dichter Raymond Herreman,</subfield>
    <subfield code="c">door Fr. Closset.</subfield>
  </datafield>
  <datafield tag="260" ind1=" " ind2=" ">
    <subfield code="a">Li&#xE9;ge,</subfield>
    <subfield code="b">34, rue de l'Universit&#xE9;;</subfield>
    <subfield code="a">Bruxelles,</subfield>
    <subfield code="c">U.m.A. Manteau, n.v.</subfield>
    <subfield code="c">[1942]</subfield>
  </datafield>
  <datafield tag="300" ind1=" " ind2=" ">
    <subfield code="a">2 p. l., [7]-77 p., 1 l.</subfield>
    <subfield code="b">port.</subfield>
    <subfield code="c">23 cm.</subfield>
  </datafield>
  <datafield tag="440" ind1=" " ind2="0">
    <subfield code="a">Universit&#xE9; de Li&#xE9;ge. S&#xE9;minaire de n&#xE9;erlandais. Directeur: R. Verdeyen. [Uitgaven,</subfield>
    <subfield code="v">no. 2]</subfield>
  </datafield>
  <datafield tag="504" ind1=" " ind2=" ">
    <subfield code="a">"Bibliografie": p. [73]-77.</subfield>
  </datafield>
  <datafield tag="600" ind1="1" ind2="0">
    <subfield code="a">Herreman, Raymond,</subfield>
    <subfield code="d">1896-</subfield>
  </datafield>
  <datafield tag="999" ind1=" " ind2=" ">
    <subfield code="c">2831</subfield>
    <subfield code="d">2831</subfield>
  </datafield>
</record>
